00570nam a22001097a 4500008004100000050002400041245028600065260005700351300001800408440001200426500002200438140910b xxu||||| |||| 00| 0 eng d aKF101.A312(vol. 38) aCases argued and decided in the supreme court of the United States 1894 1920:b151, 152, 153, 154,U.S., lawyers' edition, complete with headlines, headnotes, statements of cases, points and authorities of counsel, footnotes, and parallel references edited by Stephen K. Williams. / aNew York:bThe Lawyers co-operative pub. co.,c1894. a1096p.c24cm. vVol. 38 aIncludes appendix